Zborník referátov z telovýchovnolekárskych dní v Spišskej Novej Vsi v dňoch 7.6.-9.6. 1989

Bibliographic Details
Corporate Author: Zborník referátov z telovýchovnolekárskych dní v Spišskej Novej Vsi Spišská Nová Ves, Slovensko (Author)
Other Authors: Horniak, Eugen, 1926-2004 (Compiler)
Format: Conference Proceeding Book
Language:Slovak
PhysicalDescription:240 s. grafy, tabuľky 21 cm
Published: Bratislava Šport 1989
ISBN:807096118X (brožované)
Edition:1. vyd.
Subjects:

MARC

LEADER 00000cam a2200000 a 4500
001 vtls001060611
003 SK-MaSNL
005 20260302063653.0
008 240226s1989 xo d frn 000 0 slo
015 |a SNBA1990/03 
020 |a 807096118X (brožované) 
035 |a SNK000003439 
035 |a AB74233D-BF63-4451-AB14-93CDF505F015 
035 |a urn:nbn:sk:snk-am00ih51 
040 |a SNK  |b slo  |c SNK  |e AACR2 
041 0 |a slo 
044 |a xo  |c SK 
072 7 |a 61  |x Lekárske vedy. Medicína  |2 konspekt 
080 |a 61:796  |2 2001 
080 |a (062.534)  |2 2011 
111 2 |a Zborník referátov z telovýchovnolekárskych dní v Spišskej Novej Vsi  |n (44. :  |d 1989 :  |c Spišská Nová Ves, Slovensko)  |4 aut  |9 725228 
245 1 0 |a Zborník referátov z telovýchovnolekárskych dní v Spišskej Novej Vsi v dňoch 7.6.-9.6. 1989  |c zostavil Eugen Horniak 
250 |a 1. vyd. 
260 |a Bratislava  |b Šport  |c 1989  |e Bratislava  |f Slovšport 
300 |a 240 s.  |b grafy, tabuľky  |c 21 cm 
504 |a Obsahuje bibliografické odkazy 
546 |a Články aj v češtine 
650 0 7 |a telovýchovné lekárstvo  |2 SNKPH  |9 75254 
650 0 7 |a Physical education medicine  |2 SNKPHeng  |9 371945 
655 7 |a zborníky konferencií  |2 SNKPH  |9 70153 
655 7 |a Proceedings of conferences  |2 SNKPHeng  |9 265791 
700 1 |a Horniak, Eugen,  |d 1926-2004  |4 com  |9 5246 
852 |a Slovenská národná knižnica 
919 |a 80-7096-118-X 
954 |a odborná, vedecká literatúra pôvodná (slovenská)  |2 lita 
958 |a OND 
958 |a NB 
958 |a CZ 
958 |a TL 
958 |a EUIPO 
999 |c 1133421  |d 1135351 
952 |a SNK  |b SNK  |y PREZ  |7 0  |p 17A0576800  |o snkSC 76398  |i snkKSP 1100/90  |0 0  |1 0  |4 0  |d 2008-01-29  |f 1  |l 0  |r 2026-02-24 19:09:32  |w 2026-02-24 
952 |a SNK  |b SNK  |y VYP  |7 0  |p 17A0576801  |o snkSC 76398 D1  |i snk2008/2345  |8 5  |0 0  |1 0  |4 0  |d 2008-01-29  |l 0  |r 2026-02-24 19:09:32  |w 2026-02-24